| 000 | 00779nam a2200241 u 4500 | ||
|---|---|---|---|
| 005 | 20221101063534.0 | ||
| 008 | 120314s2010 ag r 000 0 spa d | ||
| 020 | _a9789508023254 | ||
| 035 | _aUPN01000183652 | ||
| 049 | _aCG | ||
| 050 | 4 |
_aHV696 F6 _bN4.2 |
|
| 245 | 0 | 0 |
_aNecesidades sociales y programas alimentarios : _blas redes de la pobreza / _ccoord. Adriana Clemente. |
| 260 |
_aBuenos Aires : _bEspacio, _c2010. |
||
| 300 |
_a230 p. : _bgráfs., cuadros |
||
| 440 | 0 |
_aCiencias sociales. _pNovedades |
|
| 650 | 4 |
_aAYUDA EN ALIMENTOS _94276 |
|
| 651 | 4 |
_aARGENTINA - _xPOLITICA Y GOBIERNO - _y2002- _99731 |
|
| 650 | 2 |
_aPolítica social _91450 |
|
| 650 | 4 |
_aPOBREZA - _zARGENTINA _91198 |
|
| 700 | 1 |
_aClemente, Adriana, _ecoord. |
|
| 905 | _aLibro | ||
| 999 |
_c155755 _d155755 |
||